00780nam a2200277Ia 4500008004000000020001500040041000800055082001300063100001600076245006300092250000500155260004100160300000900201650001200210650000800222650001800230650000700248650001300255650001300268650001300281650000700294690001400301906001100315999001900326952015700345210210b2012 xxu||||| |||| 00| 0 eng d a8121902606 aeng a330 AHUA aAHUJA (H L) aAdvanced economic theory: microeconomic analysis Rev Ed 18 a aNew DelhibS. Chand & Co. Ltd.c2012 a1335 atheory: aRev amicroeconomic aEd aeconomic aanalysis aAdvanced a18 aEconomics a067108 c149439d149439 001040708EconomicsaALbALcEconomicsd2021-02-17eS Chand & Company Ltd, Bangaloreg550.00l0o330 AHUAp067108r2021-02-17 00:00:00w2021-02-17yBK